000 00306cam a2200133 4500
001 L133905
008 060616n2006 000 0 eng u
020 _a187426628X
035 _a(Sirsi) u133905
245 _aAppraisal for existing structures
260 _aSETO
_c2006
350 _a50.00
942 _n0
999 _c105503
_d105503